00799nam a22001815i 4500001000700000003000900007005001700016008004100033040001400074080001900088100004800107245019600155260005200351300003200403546003800435650004400473852010000517156884ES-MaACL20250930063135.0940202s1862 sp |||| | spa d aCAM bspa a016:091=411.211 aLafuente y Alcántara, Emilio, d1825-186810aCatálogo de los códices arábigos adquiridos en Tetuán por el gobierno de S.M. / cformado por Emilio Lafuente y Alcántara ; e impreso de orden y a expensa del Ministerio de Fomento. aMadrid : b[s.n.], c1862 (fImprenta Nacional) a80, VIII, [8] p. ; c27 cm. aÍndices en español y árabe. 4aManuscritos árabes-vBibliografías. aES-MaACLjT-175-F-6 z-- Enc. hol. q-- Falto de la cub. original z-- Enc. en un vol. facticio